41 European countries by nominal GDP (in order) - Statistics

General Stats
  • This quiz has been taken 298 times
    274 since last reset
  • The average score is 28 of 41
Answer Stats
Hint Answer % Correct
3,859.547 Germany
100%
2,945.146 United Kingdom
99%
2,846.889 France
98%
2,147.952 Italy
97%
1,857.461 Russia
95%
1,406.855 Spain
95%
866.354 Netherlands
92%
712.050 Switzerland
88%
570.137 Sweden
87%
534.672 Belgium
83%
546.644 Poland
83%
500.244 Norway
81%
437.123 Austria
78%
340.806 Denmark
75%
271.165 Finland
75%
246.438 Ireland
71%
205.658 Czech Republic
70%
238.023 Greece
69%
230.012 Portugal
69%
199.950 Romania
67%
137.104 Hungary
65%
130.660 Ukraine
64%
99.971 Slovakia
63%
76.139 Belarus
60%
57.159 Croatia
59%
49.506 Slovenia
58%
43.866 Serbia
57%
55.837 Bulgaria
56%
62.395 Luxembourg
55%
25.953 Estonia
54%
31.970 Latvia
53%
48.232 Lithuania
52%
17.977 Bosnia and Herzegovina
51%
13.262 Albania
48%
7.944 Moldova
48%
4.462 Montenegro
48%
1.786 San Marino
48%
11.342 Macedonia
46%
16.693 Iceland
44%
10.582 Malta
43%
23.269 Cyprus
40%
No matching quizzes found
Score Distribution
Percent of People with Each Score
Percentile by Number Answered
Your Score History
You have not taken this quiz since the last reset